000 00237nam a2200097Ia 4500
001 1251728
005 20251031150921.0
008 251031s9999 xx 000 0 und d
245 0 _cJOE CARAMAGNA
_aŞ-2 ARABALAR
260 _bBETA YAYINLARI
999 _c1251728
_d1251728